¿Tiene efectos la responsabilidad externa en los indicadores educacionales de los alumnos?. Un análisis entre los estados de los EE.UU /

গ্রন্থ-পঞ্জীর বিবরন
প্রধান লেখক: Carnoy, Martin
অন্যান্য লেখক: Loeb, Susana
বিন্যাস: গ্রন্থ
ভাষা:স্প্যানিশ
প্রকাশিত: Santiago de Chile : PREAL, 2004
মালা:Documentos, 29
বিষয়গুলি:

MARC

LEADER 00000nam a2200000Ia 4500
008 170307b2004 cl ||||| |||| 00| | spa d
999 |c 1138  |d 1138 
090 |a 06.02.01  |b  703 
100 1 0 |a Carnoy, Martin  |9 2514 
245 1 1 |a ¿Tiene efectos la responsabilidad externa en los indicadores educacionales de los alumnos?. Un análisis entre los estados de los EE.UU /   |c Martin Carnoy; Susana Loeb 
260 |a Santiago de Chile :   |b PREAL,   |c 2004 
300 |a 39 páginas 
490 |a Documentos,  |v 29 
650 1 4 |a REFORMA DE LA EDUCACIÓN  |9 7 
650 1 4 |a EVALUACIÓN   |9 287 
650 1 4 |9 1418  |a NORMALIZACIÓN 
650 1 4 |a EDUCACIÓN SECUNDARIA  |9 456 
651 4 |a ESTADOS UNIDOS  |9 372 
700 1 |9 2515  |a Loeb, Susana 
942 |i 001157 ,001076   |h 06.02.01 703  |2 z  |c 01